Southville International School and Colleges
Your cart is empty.
  • Cart
  • Lists
    Public lists Eva Luna New books Lux_list list_1
    Your lists Log in to create your own lists
  • Log in to your account
  • Your cookies
  • Search history
Southville International School and Colleges
  • Advanced search
  • Recent comments
  • Most popular
  • Libraries

Log in to your account

Log in with GOOGLE


If you do not have an external account, but do have a local account, you can still log in:

  1. Home
  2. MARC view: A handy guidebook to the Ibaloi language
Normal view MARC view ISBD view

A handy guidebook to the Ibaloi language (Record no. 15656)

[ view plain ]
MARC details
000 -LEADER
fixed length control field 00983nam a22003375a 4500
001 - CONTROL NUMBER
control field 16311507
003 - CONTROL NUMBER IDENTIFIER
control field OSt
005 - DATE AND TIME OF LATEST TRANSACTION
control field 20140310182746.0
008 - FIXED-LENGTH DATA ELEMENTS--GENERAL INFORMATION
fixed length control field 100701s2010 ph d 000 0 phi
010 ## - LIBRARY OF CONGRESS CONTROL NUMBER
LC control number 2010338620
020 ## - INTERNATIONAL STANDARD BOOK NUMBER
International Standard Book Number 9789719356660
040 ## - CATALOGING SOURCE
Original cataloging agency DLC
Transcribing agency DLC
041 0# - LANGUAGE CODE
Language code of text/sound track or separate title phi
-- eng
042 ## - AUTHENTICATION CODE
Authentication code lcode
043 ## - GEOGRAPHIC AREA CODE
Geographic area code a-ph---
050 ## - LIBRARY OF CONGRESS CALL NUMBER
Classification number PL 5785
Item number .An634 2010
082 ## - DEWEY DECIMAL CLASSIFICATION NUMBER
Classification number FIL 499.211
Item number An634 2010
100 1# - MAIN ENTRY--PERSONAL NAME
Personal name Anton, Sofia Olga.
245 12 - TITLE STATEMENT
Title A handy guidebook to the Ibaloi language
Statement of responsibility, etc Anton, Sofia Olga
260 ## - PUBLICATION, DISTRIBUTION, ETC. (IMPRINT)
Place of publication, distribution, etc Baguio City, Philippines
Name of publisher, distributor, etc Tebtebba Foundation
Date of publication, distribution, etc c2010
300 ## - PHYSICAL DESCRIPTION
Extent vi, 102 p.
Dimensions 23 cm.
521 ## - TARGET AUDIENCE NOTE
Target audience note
526 ## - STUDY PROGRAM INFORMATION NOTE
Reading level 1210L-1700L
541 ## - IMMEDIATE SOURCE OF ACQUISITION NOTE
-- 1
546 ## - LANGUAGE NOTE
Language note Ibaloi and English.
562 ## - COPY AND VERSION IDENTIFICATION NOTE
Number of copies For circulation. 1 copy available in the collection
710 2# - ADDED ENTRY--CORPORATE NAME
Corporate name or jurisdiction name as entry element Tebtebba (Organization)
906 ## - LOCAL DATA ELEMENT F, LDF (RLIN)
a 7
b par
c origode
d 3
e ncip
f 20
g y-gencatlg
942 ## - ADDED ENTRY ELEMENTS (KOHA)
Source of classification or shelving scheme Library of Congress Classification
Koha item type
Call number prefix Filipininana
Holdings
Withdrawn status Lost status Source of classification or shelving scheme Damaged status Home library Current library Shelving location Date acquired Total Checkouts Full call number Barcode Date last seen Copy number Price effective from Koha item type
    Library of Congress Classification   College Library College Library Filipiniana Section 06/08/2012   PL 5785 .An634 2010 c14568 05/08/2018 1 06/08/2012 Books

A handy guidebook to the Ibaloi language

APA

Anton S. O., Tebtebba (Organization), . (2010). A handy guidebook to the Ibaloi language. Baguio City, Philippines: Tebtebba Foundation.

Chicago

Anton Sofia Olga, Tebtebba (Organization), . 2010. A handy guidebook to the Ibaloi language. Baguio City, Philippines: Tebtebba Foundation.

Harvard

Anton S. O., Tebtebba (Organization), . (2010). A handy guidebook to the Ibaloi language. Baguio City, Philippines: Tebtebba Foundation.

MLA

Anton Sofia Olga, Tebtebba (Organization), . A handy guidebook to the Ibaloi language. Baguio City, Philippines: Tebtebba Foundation. 2010.

  • Place hold
  • Print
  • Cite
  • Add to your cart (remove)
  • Save record
    BIBTEX Dublin Core MARCXML MARC (non-Unicode/MARC-8) MARC (Unicode/UTF-8) MARC (Unicode/UTF-8, Standard) MODS (XML) RIS
  • More searches
    Search for this title in:
    Other Libraries (WorldCat) Other Databases (Google Scholar) Online Stores (Bookfinder.com) Open Library (openlibrary.org)

Exporting to Dublin Core...

SOUTHVILLE LIBRARY

Southville International School and Colleges Library

1281 Tropical Ave. Cor. Luxembourg St., BF Homes International, Las Pinas City

Tel. No. 8256374 / 252358 Loc. 117/146

Powered by Koha